| 000 | 00531nam a2200157 4500 | ||
|---|---|---|---|
| 082 | _aBEE-5 HAR | ||
| 100 | _aHaris Suhail | Osama Waqar Bhatti | Uzair Akbar | ||
| 245 | _aPerformance analysis of multi-tier hybrid networks | ||
| 260 |
_aIslamabad _bNUST-SEECS _c2017 |
||
| 300 |
_a43p. _eCd Includes |
||
| 563 | _ahbk | ||
| 856 | _uhttp://10.250.8.41:8080/xmlui/handle/123456789/23273 | ||
| 942 |
_2ddc _cPR |
||
| 999 |
_c331447 _d331447 |
||